<?xml version="1.0" encoding="UTF-8"?><marc:collection xmlns:marc="http://www.loc.gov/MARC21/slim">
  <marc:record>
    <marc:leader>00000nam##2200000za#4500</marc:leader>
    <marc:controlfield tag="001">9.639274</marc:controlfield>
    <marc:controlfield tag="003">CaOODSP</marc:controlfield>
    <marc:controlfield tag="005">20210624222100</marc:controlfield>
    <marc:controlfield tag="007">cr |||||||||||</marc:controlfield>
    <marc:controlfield tag="008">150407|1999||||xxc|||||o    f|0| 0 fre|d</marc:controlfield>
    <marc:datafield tag="040" ind1=" " ind2=" ">
      <marc:subfield code="a">CaOODSP</marc:subfield>
      <marc:subfield code="b">fre</marc:subfield>
    </marc:datafield>
    <marc:datafield tag="043" ind1=" " ind2=" ">
      <marc:subfield code="a">n-cn---</marc:subfield>
    </marc:datafield>
    <marc:datafield tag="086" ind1="1" ind2=" ">
      <marc:subfield code="a">C2-408/1999F-PDF</marc:subfield>
    </marc:datafield>
    <marc:datafield tag="110" ind1="1" ind2=" ">
      <marc:subfield code="a">Canada.</marc:subfield>
      <marc:subfield code="b">Industrie Canada. </marc:subfield>
      <marc:subfield code="b">Comité consultatif national de VolNet.</marc:subfield>
    </marc:datafield>
    <marc:datafield tag="245" ind1="1" ind2="0">
      <marc:subfield code="a">Développer la capacité technologique du secteur du bénévolat : </marc:subfield>
      <marc:subfield code="h">[ressource électronique]</marc:subfield>
      <marc:subfield code="b">Programme d'aide au réseau du secteur du bénévolat (VolNet), rapport du Comité consultatif national </marc:subfield>
    </marc:datafield>
    <marc:datafield tag="260" ind1=" " ind2=" ">
      <marc:subfield code="b">Industrie Canada. </marc:subfield>
      <marc:subfield code="c">Janvier 1999.</marc:subfield>
    </marc:datafield>
    <marc:datafield tag="300" ind1=" " ind2=" ">
      <marc:subfield code="a">29p.</marc:subfield>
      <marc:subfield code="b">références</marc:subfield>
    </marc:datafield>
    <marc:datafield tag="500" ind1=" " ind2=" ">
      <marc:subfield code="a">«Dans le budget de février 1998, le gouvernement fédéral a annoncé la création du programme d'aide au réseau du secteur du bénévolat (VolNet) afin d'accroître la capacité technologique du secteur bénévole. Il a consacré 15 millions de dollars sur trois ans à ce programme et s'est fixé pour objectif d'offrir de brancher 10 000 organismes bénévoles avant le 31 mars 2001. Souhaitant voir le secteur du bénévolat collaborer à l'élaboration du programme, le gouvernement fédéral a crée le Comité consultatif national de VolNet (CCNV), en juin 1998. Le présent rapport est le fruit du travail accompli par le Comité.»--Page 1.</marc:subfield>
    </marc:datafield>
    <marc:datafield tag="500" ind1=" " ind2=" ">
      <marc:subfield code="a">Le n° de catalogue (C2-408/1999) et l'ISBN (0-662-64047-0) de l'édition imprimée bilingue ont été incorrectement copiés dans l'édition électronique.</marc:subfield>
    </marc:datafield>
    <marc:datafield tag="520" ind1="3" ind2=" ">
      <marc:subfield code="a">Dans le budget de février 1998, le gouvernement fédéral a annoncé la création du programme d'aide au réseau du secteur du bénévolat (VolNet) afin d'accroître la capacité technologique du secteur bénévole. Il a consacré 15 millions de dollars sur trois ans à ce programme et s'est fixé pour objectif d'offrir de brancher 10 000 organismes bénévoles avant le 31 mars 2001. Souhaitant voir le secteur du bénévolat collaborer à l'élaboration du programme, le gouvernement fédéral a crée le Comité consultatif national de VolNet (CCNV), en juin 1998. Le présent rapport est le fruit du travail accompli par le Comité.--Page 1</marc:subfield>
    </marc:datafield>
    <marc:datafield tag="590" ind1=" " ind2=" ">
      <marc:subfield code="a">11-28-Supp</marc:subfield>
      <marc:subfield code="b">2011-11-17</marc:subfield>
    </marc:datafield>
    <marc:datafield tag="691" ind1="0" ind2="7">
      <marc:subfield code="a">Bénévolat</marc:subfield>
      <marc:subfield code="2">gcpds</marc:subfield>
    </marc:datafield>
    <marc:datafield tag="691" ind1="0" ind2="7">
      <marc:subfield code="a">Technologie de l'information</marc:subfield>
      <marc:subfield code="2">gcpds</marc:subfield>
    </marc:datafield>
    <marc:datafield tag="775" ind1="0" ind2="8">
      <marc:subfield code="t">Building the technological capacity of the voluntary sector : </marc:subfield>
      <marc:subfield code="w">(CaOODSP)9.695130</marc:subfield>
    </marc:datafield>
    <marc:datafield tag="776" ind1="0" ind2="#">
      <marc:subfield code="t">Building the technological capacity of the voluntary sector : </marc:subfield>
      <marc:subfield code="w">(CaOODSP)9.660785</marc:subfield>
    </marc:datafield>
    <marc:datafield tag="776" ind1="0" ind2="#">
      <marc:subfield code="t">Développer la capacité technologique du secteur du bénévolat : </marc:subfield>
      <marc:subfield code="w">(CaOODSP)9.660786</marc:subfield>
    </marc:datafield>
    <marc:datafield tag="856" ind1="4" ind2="0">
      <marc:subfield code="a">http://publications.gc.ca</marc:subfield>
      <marc:subfield code="q">PDF</marc:subfield>
      <marc:subfield code="s">533 Ko</marc:subfield>
      <marc:subfield code="u">https://publications.gc.ca/collections/Collection/C2-408-1999F.pdf</marc:subfield>
    </marc:datafield>
    <marc:datafield tag="986" ind1=" " ind2=" ">
      <marc:subfield code="a">52534B</marc:subfield>
    </marc:datafield>
  </marc:record>
</marc:collection>
